| 000 | 00533nam a2200181Ia 4500 | ||
|---|---|---|---|
| 999 |
_c21401 _d21401 |
||
| 003 | OSt | ||
| 005 | 20200629113624.0 | ||
| 008 | 190216s9999||||xx |||||||||||||| ||und|| | ||
| 020 | _a9788185618692 | ||
| 040 | _coclc | ||
| 082 |
_a930 _bASH/N |
||
| 100 |
_aAsher, Catherine B _93301 |
||
| 245 | 4 |
_aThe New Cambridge History Of India : _bArchitecture of Mughal India / |
|
| 260 |
_bCambridge Uty Press, _c2011. _aNew Delhi: |
||
| 300 | _a369p | ||
| 650 | _aHistory | ||
| 942 |
_cBK _2ddc _h930 _iASH/N _k930 _mASH/N |
||